|
|
|
|
| LEADER |
02324nam a2200493 a 4500 |
| 001 |
23485048 |
| 003 |
GR-PaULI |
| 008 |
071219s2001 gr a g b 000 0 gre|c |
| 020 |
|
|
|a 9789600344585
|q (χαρτόδ.)
|
| 040 |
|
|
|a GrPaTEI
|b gre
|c GR-PaULI
|
| 050 |
|
|
|a RJ499
|b .E58 2001
|
| 082 |
|
0 |
|a 618.9289
|2 21
|
| 082 |
0 |
4 |
|a 618.9289
|2 23
|
| 099 |
|
|
|a WS 350
|
| 245 |
0 |
0 |
|a Εισαγωγή στην παιδοψυχιατρική /
|c Βασίλειος Αλεβίζος ... [κ.ά.] ; επιμέλεια Γιάννης Τσιάντης.
|
| 260 |
|
|
|a Αθήνα :
|b Καστανιώτης,
|c 2001.
|
| 300 |
|
|
|a 515 σ. :
|b εικ., πίνακες ;
|c 22 εκ.
|
| 490 |
0 |
|
|a Παιδοψυχιατρική
|
| 500 |
|
|
|a Ποικίλες ανατυπώσεις που εμφανίζονται ως διαφορετικές εκδόσεις.
|
| 504 |
|
|
|a Περιλαμβάνει βιβλιογραφικές παραπομπές.
|
| 650 |
|
0 |
|a Child abuse
|
| 650 |
|
0 |
|a Child behavior disorders
|
| 650 |
|
0 |
|a Child psychiatry
|
| 650 |
|
0 |
|a Child psychiatry.
|
| 650 |
|
0 |
|a Depression
|
| 650 |
|
0 |
|a Language disorders
|
| 650 |
|
0 |
|a Psychosis
|
| 650 |
|
0 |
|a Psychotherapy
|
| 650 |
|
2 |
|a Child abuse
|
| 650 |
|
2 |
|a Child behavior disorders
|
| 650 |
|
2 |
|a Child psychiatry
|
| 650 |
|
2 |
|a Depression
|
| 650 |
|
2 |
|a Psychosis
|
| 650 |
|
2 |
|a Psychotherapy
|
| 650 |
|
7 |
|a Παιδοψυχιατρική.
|2 lcsh/gre
|
| 700 |
1 |
|
|a Αλεβίζος, Βασίλειος,
|e συγγραφέας.
|
| 700 |
1 |
|
|a Τσιάντης, Ιωάννης
|
| 700 |
1 |
|
|a Τσιάντης, Ιωάννης,
|d 1939-
|e επιμελητής.
|
| 942 |
|
|
|2 ddc
|
| 952 |
|
|
|0 0
|1 0
|2 ddc
|4 0
|6 618_928900000000000_ΑΛΕ
|7 0
|9 256386
|a LISK
|b LISK
|c BSC
|d 2021-01-17
|e 24
|f 0
|g 0.00
|l 0
|o 618.9289 ΑΛΕ
|p 92410038142
|r 2021-01-17 00:00:00
|t 1
|w 2021-01-17
|y BK15
|x 20080314 0 1
|x GrPaTEI
|
| 952 |
|
|
|0 0
|1 0
|2 ddc
|4 0
|6 618_928900000000000_ΑΛΕ
|7 0
|9 256387
|a LISK
|b LISK
|c BSC
|d 2021-01-17
|e 24
|f 0
|g 0.00
|l 0
|o 618.9289 ΑΛΕ
|p 92410038143
|r 2021-01-17 00:00:00
|t 1
|w 2021-01-17
|y BK15
|x 20080314 0 1
|x GrPaTEI
|
| 952 |
|
|
|0 0
|1 0
|2 ddc
|4 0
|6 618_928900000000000_ΑΛΕ
|7 1
|9 256388
|a LISK
|b LISK
|c BSC
|d 2021-01-17
|e 24
|f 0
|g 0.00
|l 0
|o 618.9289 ΑΛΕ
|p 92410038144
|r 2021-01-17 00:00:00
|t 1
|w 2021-01-17
|y BKN
|x 20080314 0 0
|x GrPaTEI
|
| 971 |
|
|
|a .b23485048
|b 11-05-20
|c 16-09-15
|
| 999 |
|
|
|c 150115
|d 150115
|